La Roumanie sur la voie de l'edification de la societe socialiste multilateralement developpee (Record no. 2543)

MARC details
000 -BAŞLIK
Sabit Uzunlukta Kontrol Alanı 00815na a2200253 4500
001 - KONTROL NUMARASI
Denetim Alanı 16950
003 - KONTROL NUMARASI IDENTIFIER
Denetim Alanı MIRAKIL
005 - SON İŞLEM TARİHİ VE ZAMANI
Denetim Alanı 20181213154901.0
008 - SABİT-BOY VERİ ELEMANLARI - GENEL BİLGİLER
Sabit Uzunlukta Kontrol Alanı 161018b tu 000 0
035 ## - SİSTEM KONTROL NUMARASI
Sistem Kontrol Numarası 16950
040 ## - KATALOGLAMA KAYNAK
Orijinal Kataloglama Ajansı Milas
Kataloglama Dili tur
Metne Dönüştürmek Ajansı TR-AnCHP
041 ## - DİL KODU
Metin / Ses Parça Veya Ayrı Başlığın Dil Kodu fre
082 ## - DEWEY ONLU SINIFLANDIRMA NUMARASI
Sınıflandırma Numarası 320.9498
Ürün Numarası C32r 1972
090 ## - SINIFLAMA NUMARASI
Sınıflama Numarası 320.9498 C32r 1972
100 ## - ANA GİRİŞ - KİŞİSEL İSİM
Kişisel Ad Ceauşescu, Nicolae
Bir Adıyla İlişkilendirilen Tarihler 1918-1989
245 ## - BAŞLIK TABLOSU
Başlık La Roumanie sur la voie de l'edification de la societe socialiste multilateralement developpee
Başlığın Kalan rapports, discours, articles
Sorumluluk Tablosu, Vb Nicolae Ceauşescu
246 ## - UNVAN FORM VARYING
Başlık Doğru / Kısa Başlığı rapports, discours, articles
260 ## - YAYIN, DAĞITIM, VB
Yayın, Dağıtım, Vb Yeri Bükreş
Yayıncı, Dağıtıcı, Vs Adı Meridiane Publishing House
Yayın, Dağıtım, Vb Tarihi 1972
300 ## - FİZİKSEL TANIM
Kapsam 9 c.
Boyutlar 21 sm.
505 ## - BİÇİMLENDİRİLDİ İÇİNDEKİLER NOT
Biçimlendirilmiş İçeriği Dikkat 6.c.: Mai 1971-Fevrier 1972
651 ## - KONU KATMA GİRİŞ - COĞRAFİ ADI
Coğrafi İsim Romanya
Genel Alt Bölümü Siyasal durum
651 ## - KONU KATMA GİRİŞ - COĞRAFİ ADI
Coğrafi İsim Romanya
Genel Alt Bölümü Sosyalizm
Coğrafi Alt Bölümü Tarih
942 ## - EKLENDİ GİRİŞ ELEMANLARI (KOHA)
Sınıflandırma Veya Raf Düzeni Kaynak
Koha Öğesi Türü Books
999 ## - SİSTEM KONTROL NUMARALARI (KOHA)
Koha Biblionumber 2543
Koha Biblioitemnumber 2543
Holdings
Kalıcı Konum Mevcut Konum Edinme Tarihi Edinim Kaynak Seri Numaralandırma / Kronolojik Toplam Check-Out'Lar Tam Çağrı Numarası Barkod Tarih Son Görülme İtibaren Geçerli Fiyatlar Koha Öğesi Türü
CHP Kütüphanesi CHP Kütüphanesi 10/18/2016 Bağış c.10   320.9498 C32r 1972 005418 10/18/2016 10/18/2016 Books